Vocabulari marítim : català-castellà i castellano-catalán / José Ma Martínez-Hidalgo y Terán, Laureano Carbonell Relat català-castellà i castellano-catalán / José Ma Martínez-Hidalgo y Terán, Laureano Carbonell Relat
Descripción Física:
273 p. ; 24 cm
Otros Autores:
Carbonell Relat, Laureano
MARC
| LEADER | 00000nam a2200000Ia 4500 | ||
|---|---|---|---|
| 001 | 2073 | ||
| 008 | 160829s9999 xx 000 0 cat d | ||
| 080 | |a C-1-569 | ||
| 100 | |a Martínez-Hidalgo, José María, |d 1913-2005 |9 22649 | ||
| 245 | |a Vocabulari marítim : |b català-castellà i castellano-catalán / José Ma Martínez-Hidalgo y Terán, Laureano Carbonell Relat | ||
| 260 | |a Barcelona : |b Diputació de Barcelona, DL 1984 | ||
| 300 | |a 273 p. ; |c 24 cm | ||
| 590 | |a Text en català i castellà. | ||
| 590 | |a Bibliografia. | ||
| 590 | |a Índex | ||
| 650 | |a Navegació |x Diccionaris |x Català |9 36375 | ||
| 650 | |a Navegació |x Diccionaris |x Castellà |9 36376 | ||
| 650 | |a Català tècnic I |9 36377 | ||
| 650 | |a Castellà tècnic |9 31555 | ||
| 700 | |a Carbonell Relat, Laureano |9 11644 | ||
| 710 | 1 | |a Barcelona (Catalunya : Província). |b Diputació |9 52408 | |
| 901 | |a Arxiu | ||
| 942 | |n 1 | ||
| 952 | |0 0 |1 0 |4 0 |6 C1569 |7 1 |9 47302 |a Arxiu |b Arxiu |d 2016-12-01 |l 0 |o C-1-569 |p 2073 |r 2016-12-01 00:00:00 |w 2016-12-01 |y ARXIU | ||
| 999 | |c 51099 |d 51099 | ||